00907nam a2200241 a 450000100100000000500170001000800410002702000150006804000250008308200150010810000430012324500840016626000380025030000370028850000700032559000260039565000180042165000290043965000300046891000370049895201130053599900170064800004799120260204085718.0181010s2001 dr 000 0 spa d a9993402559 aDO-SdBNPbspacBNPHU a395bG216b1 aGarcía Alecont, Víctor Fco.91599714aLos buenos modales del comportamiento social /cVíctor Fco. García Alecont. aSanto Domingo :bCorripio,c2001. a326 p. ; :bil., fots. ;c32 cm. aIncluye datos biográficos del autor en la solapa de la cubierta aInventariado, 2018/VM 0aEtiqueta9402 0aUsos y costumbres953116 4aRitos y ceremonias931566 aValidado. Control de calidad MFF 0010718PDaPDbPDcHDd2018-10-10iLF1l0o395 G216bp47991-10r2020-06-25w2020-06-25yLFPDZNo se presta c47479d47479